| 000 | 00491nam a2200181Ia 4500 | ||
|---|---|---|---|
| 005 | 20240419071619.0 | ||
| 008 | 240331s9999 xx 000 0 und d | ||
| 020 | _a9718605150 | ||
| 082 |
_bEVI _a331.4 |
||
| 100 | _aEviota, uy Elizabeth | ||
| 245 | 4 |
_aThe political economy of gender : _bwomen and the sexual division of labour in the Philippines |
|
| 250 | _a1 St | ||
| 260 |
_aLondon : _bZed Books Ltd / _c1992 |
||
| 300 | _a212 p ., | ||
| 650 | _aWoman | ||
| 650 | _aSex | ||
| 942 | _cL | ||
| 999 |
_c2628 _d2628 |
||